000 00367nam a22001577a 4500
003 MPLRDC
005 20220104113940.0
008 210129b ||||| |||| 00| 0 eng d
082 _a848.2 ZXF-9
100 _a张晓风主编
245 _a音乐教室
_c
260 _a
_b新文学出版社
_c
300 _b
650 _a现代别集
942 _cBK
_o848.2 ZXF-9
999 _c3618
_d3608